Manual de Técnicas: para directores artísticos y diseñadores

Gorde:
Xehetasun bibliografikoak
Egile nagusia: Murray, Ray (autor)
Formatua: Liburua
Hizkuntza:gaztelania
Argitaratua: Barcelona Gustavo Gili 1980
Gaiak:
Etiketak: Etiketa erantsi
Etiketarik gabe, Izan zaitez lehena erregistro honi etiketa jartzen!

MARC

LEADER 00000nam a2200000 a 4500
001 UCV7971
003 CL-VaPUC
008 900319e19800000SP |||||||||||||||||spa|d
082 0 4 |a 681.6  |b MUR  |2 21 
100 |a Murray, Ray  |e autor  |9 302067 
245 1 0 |a Manual de Técnicas: para directores artísticos y diseñadores 
300 |a 199 p 
942 |c BK 
945 |d 19900319 00:00:00 
260 |a Barcelona  |b Gustavo Gili  |c 1980 
650 0 |a Artes gráficas  |9 265865 
650 7 |a PUBLICIDAD COMERCIAL ARTISTICA  |2 CL-VaPUC  |9 265866 
650 7 |a PUBLICIDAD POR TELEVISION  |2 CL-VaPUC  |9 265867 
583 |a last modification  |c 19900319 00:00:00  |k Rodrigo Vera 
999 |c 213568  |d 213566 
952 |0 0  |1 0  |4 0  |6 681_600000000000000_MUR_1980  |7 0  |8 A  |9 196061  |a BIBARQ  |b BIBARQ  |d 2019-11-14  |i 2640147  |l 1  |o 681.6 MUR 1980  |p 2640147  |r 2025-01-20  |s 2023-05-19  |w 2019-11-14  |y BK  |k ARQ 
952 |0 0  |1 0  |4 0  |6 681_600000000000000_MUR_1980  |7 0  |8 A  |9 196062  |a BIBART  |b BIBART  |d 2019-11-14  |i 1204661  |l 1  |o 681.6 MUR 1980  |p 1204661  |r 2025-03-13  |s 2022-08-24  |w 2019-11-14  |y BK  |k ART